000 00686nam a2200121Ia 4500
008 220615s9999||||xx |||||||||||||| ||und||
100 _aSiikala, Anna-Leena||Ulyashev, Oleg
245 0 _aHidden rituals and public performances: Traditions and belonging among the post-Soviet Khanty, Komi and Udmurts
546 _aEnglish[eng]
650 _akomi||shamanism||tradition||religion||language||ural||Folklore||Khanty||Khanty language||Reindeer||Soviet Union
856 _uhttps://library.oapen.org/bitstream/20.500.12657/31125/1/638204.pdf||https://library.oapen.org/bitstream/20.500.12657/31125/1/638204.pdf||https://library.oapen.org/bitstream/20.500.12657/31125/1/638204.pdf
942 _cEB
999 _c11420
_d11420